000 00340nam a2200145Ia 4500
008 240624s9999 xx 000 0 und d
041 _aeng
082 _a823 TOL
100 _aTOLKIEN J R R
245 _aLORD OF THE RINGS
260 _c1994
_aBoston
_bHoughton Mifflin
300 _a398 : p. : cm. ; 22
365 _cRS
_b20
440 _v3
999 _c11752
_d11752